| 000 | 00684cam a22002293a 4500 | ||
|---|---|---|---|
| 001 | 37958 | ||
| 003 | PGUSA | ||
| 005 | 20140828083832.0 | ||
| 008 | 111109s2011||||xxu|||||s|||||000 | eng d | ||
| 040 |
_aPGUSA _beng |
||
| 042 | _adc | ||
| 100 | 1 | _aField, Walter | |
| 245 | 1 | 0 |
_aStones of the Temple : _bLessons from the Fabric and Furniture of the Church _h[electronic resource] / _cWalter Field |
| 260 |
_bProject Gutenberg, _c2011 |
||
| 506 | _aPublic domain in the USA. | ||
| 516 | _aElectronic text | ||
| 653 | _aChristian art and symbolism | ||
| 653 | _aArchitecture | ||
| 830 | 0 |
_aProject Gutenberg _v37958 |
|
| 856 | 4 | 0 | _uhttp://www.gutenberg.org/ebooks/37958 |
| 942 | _cEB | ||
| 999 |
_c267212 _d267212 |
||